000 00577nam a2200205 a 4500
005 20220629115959.0
008 140520s2005 mx r 000 0 spa d
020 _a9682467683
035 _aUPN01000197357
049 _aI
050 4 _aGR825
_bCH3.2
100 1 _aChávez Ferrusca, José Salvador
_931750
245 1 0 _aAnimales fabulosos /
_cJosé Salvador Chávez Ferrusca.
260 _aMéxico :
_bTrillas,
_cc2005.
300 _a82 p. :
_bil. col.
650 4 _aANIMALES MITOLOGICOS
_94742
650 0 _aBestiarios
_920808
905 _aInfantil
999 _c169458
_d169458